Представление документа в формате RUSMARC

ПолеНазваниеЗначение
  Тип записи a
  Библиографический уровень m
001 Контрольный номер RU/ГПНТБ России/EK/53.54/Щ 70-597531828
005 Дата корректировки 20251110085410.7
010 Индекс ISBN __
a ISBN 978-5-17-116262-7
b Уточнения в пер.
9 Тираж 4000
d Цена 553-85
100 Данные общей обработки __
a Данные общей обработки 20240529d2023 ma y0rusy0289 ca
101 Язык документа 0_
a Язык текста rus
c Язык оригинала rus
102 Страна публикации __
a Страна публикации RU
105 Кодированные данные (монография) __
a Кодированные данные (монография) ac z 000yy
181 Поле кодированных данных: вид содержания _0
a Код вида содержания (ISBD) i
182 Поле кодированных данных: тип средства _0
a Код типа средства (ISBD) n
200 Заглавие и сведения об ответственности 1_
a Заглавие Полный курс дыхательной гимнастики Стрельниковой
e Сведения, относящиеся к заглавию главные законы правильного дыхания, дыхательная гимнастика при простуде, кашле и бронхите, эффективная система лечения при артрозах и артритах, самые полезные упражнения для пожилых, помощь при обострениях и острых состояниях, самый действенный способ постановки голоса и избавления от заикания
e Сведения, относящиеся к заглавию [гимнастика с сопротивлением мускулатуры органов дыхания воздуху]
f Первые сведения об ответственности Михаил Щетинин
205 Сведения об издании __
a Основные сведения об издании Издание 2-е, переработанное и дополненное
210 Выходные данные 1_
a Место издания Москва
c Издательство АСТ
d Дата издания 2023
215 Физическое описание __
a Объем 342, [9] с.
c Иллюстрации/тип воспроизводства ил., портр.
d Формат 22 см
225 Серия (Журнальная рубрика) 2_
a Серия (Журнальная рубрика) Авторские методики: психология и здоровье
300 Общие примечания __
a Общие примечания На обложке: Михаил Щетинин - единственный ученик и приеемник А. Н. Стрельниковой
330 Аннотация __
a Аннотация Уникальная российская методика, не имеющая аналогов в мировой медицине - Стрельниковская дыхательная гимнастика. Вы в точности познакомитесь с теми упражнениями, которые уже спасли жизни многим людям и помогают сейчас бороться с болезнями. Дышите по-Стрельниковски - и сохраняйте молодость, здоровье и красоту!
333 Примечание о целевом назначении __
a Примечание о целевом назначении 12+
600 Персоналии _1
a Персоналии (Фамилия) Стрельникова
b Персоналии (Имя) А. Н.
g Полное имя Александра Николаевна
c Дополнение к имени российская оперная певица
c Дополнение к имени автор одноименной дыхательной гимнастики
f Даты 1912-1989
606 Тематические рубрики __
a Основная рубрика Здравоохранение. Медицинские науки
606 Тематические рубрики __
a Основная рубрика Курортология
606 Тематические рубрики __
a Основная рубрика Физическая культура и спорт
606 Тематические рубрики __
a Основная рубрика Гимнастика
610 Ключевые слова 1_
a Ключевые слова гимнастика Стрельниковой
a Ключевые слова лечебно-оздоровительные гимнастики
a Ключевые слова дыхательные упражнения
a Ключевые слова дыхательная гимнастика
a Ключевые слова профилактика заболеваний
a Ключевые слова дыхательные практики
a Ключевые слова лечебная физкультура
a Ключевые слова храп
a Ключевые слова астма
a Ключевые слова гайморит
a Ключевые слова остеохондроз
a Ключевые слова бронхит
a Ключевые слова аденоиды
a Ключевые слова гипертония
a Ключевые слова бессонница
a Ключевые слова депрессии
a Ключевые слова болезни суставов
686 Индексы других классификаций __
2 Код системы rubbk
a Индекс ББК 53.54
686 Индексы других классификаций __
a Индекс ББК 75.69
700 Автор _1
a Фамилия Щетинин
b Имя М. Н.
g Полное личное имя Михаил Николаевич
f Даты 1957-
4 Код отношения 070
801 Источник записи _0
b Организация ГПНТБ России
a Страна RU
c Дата составления 20240529
801 Источник записи _1
b Организация ГПНТБ России
a Страна RU
c Дата составления 20240529
801 Источник записи _1
a Страна RU
b Организация Центральная районная библиотека им. Г. А. Пирожникова
c Дата составления 20240529
g Правила каталогизации bzbo
852 Данные о местонахождении __
j Шифр хранения 53.54
i Авторский знак Щ 702
901 Тип документа __
t Тип документа m
902 Роль лиц __
b Редактор БЗ ОКиО/Шумских